000 00717nam a2200253Ia 4500
005 20250425160650.0
008 250425s9999 xx 000 0 und d
020 _a9681824016
041 _aspa
082 _a658
100 _aALBERS, HENRY H.
245 0 _aPRINCIPIOS DE ORGANIZACION Y DIRECCION
250 _a1A ED.
260 _aMEXICO
260 _aMéxico
_bCIENCIA Y TECNICA
_c1987
300 _a246
520 _aTRATA DE LOS ELEMENTOS BASICOS DE LA ACCION ADMINISTRATIVA-PLANEACION, COMUNICACION Y MOTIVACION-DENTRO DE UNA ESTRUCTURA ORGANIZADA.
650 _aADMINISTRACION
650 _aCOMUNICACIONES
650 _aORGANIZACION
650 _aPLANEACION
942 _c01
010 _a1764
999 _c193694
_d193694